| 000 | 00642nam a22002297a 4500 | ||
|---|---|---|---|
| 003 | OSt | ||
| 005 | 20220107122756.0 | ||
| 008 | 150122b xxu||||| |||| 00| 0 eng d | ||
| 020 | _a9789351106159 | ||
| 040 | _cIIITMK | ||
| 082 | _a006.3 BHA/A | ||
| 100 |
_aAnindita Das, Bhattacharjee _96077 |
||
| 245 | _aArtificial intelligence and soft computing for beginners | ||
| 250 | _a2nd ed. | ||
| 260 |
_aMumbai _bShroff Publishers & Distributors _c2014 |
||
| 300 | _axxxii, 679p. | ||
| 650 |
_aCOMPUTER SCIENCE _96078 |
||
| 650 |
_aARTIFICIAL INTELLIGENCE _96110 |
||
| 650 |
_aSOFT COMPUTING _96079 |
||
| 650 |
_aAI _96080 |
||
| 942 |
_2ddc _cBK |
||
| 999 |
_c4518 _d4518 |
||